[Event "बाहुबली (एक योद्धा) BAHUBALI (a warrior)"]
[Site "SchemingMind.com"]
[Date "2015.11.22"]
[Round "-"]
[White "kenneth m day"]
[Black "Greg Magne"]
[Result "0-1"]
[WhiteCountry "USA"]
[BlackCountry "CAN"]
[WhiteElo "1698"]
[WhiteRD "51"]
[BlackElo "1797"]
[BlackRD "68"]
[GameID "390747"]

1. e4 Nf6 2. e5 Nd5 3. d4 d6 4. c4 Nb6 5. f4 dxe5 6. fxe5 Nc6 7. Nf3 Bg4 8. Be3 e6 9. Be2 Be7 10. O-O O-O
11. Nbd2 Bxf3 12. Nxf3 Re8 13. Rc1 a5 14. Qd2 Qd7 15. Qd3 Kh8 16. h4 f5 17. exf6 Bxf6 18. Rfd1 Rad8 19. Qe4 Qf7 20. Bd3 g6
21. Qg4 Ne7 22. Kf2 Qg7 23. Qxe6 Nf5 24. Bxf5 Rxe6 25. Bxe6 Qe7 26. Bg4 Bxh4+ 27. g3 Bf6 28. b3 a4 29. Ne5 Rf8 30. Rh1 Bxe5+
0-1

[Event "बाहुबली (एक योद्धा) BAHUBALI (a warrior)"]
[Site "SchemingMind.com"]
[Date "2015.11.22"]
[Round "-"]
[White "Greg Magne"]
[Black "JimM"]
[Result "1-0"]
[WhiteCountry "CAN"]
[BlackCountry "USA"]
[WhiteElo "1797"]
[WhiteRD "68"]
[BlackElo "1799"]
[BlackRD "82"]
[GameID "390748"]

1. e4 c5 2. Nf3 g6 3. c4 Bg7 4. Nc3 Nc6 5. Be2 d6 6. O-O Nf6 7. Re1 O-O 8. d4 cxd4 9. Nxd4 a6 10. Be3 Ne5
11. h3 Bd7 12. f4 Nc6 13. Bf3 e6 14. Qd2 Rb8 15. Rad1 Ne8 16. a3 Na5 17. Qe2 Nc6 18. Nc2 Rc8 19. Na4 Nd4 20. Bxd4 Bxa4
21. Bxg7 Kxg7 22. Rd2 Qc7 23. Ne3 Bb3 24. Rc1 b5 25. f5 e5 26. Bg4 Nf6 27. fxg6 Nxg4 28. Qxg4 fxg6 29. Nf5+ Kh8 30. Nxd6 Qb6+
31. Kh1 Rcd8 32. Qe6 Rxd6 33. Rxd6 Qe3 34. Qxe5+ Kg8 35. Rg1 Bxc4 36. Rd7 Qh6 37. Rgd1 a5 38. Ra7 a4 39. Rdd7 Qc1+ 40. Kh2 Qf4+
41. Qxf4 Rxf4 42. Rg7+ Kf8 43. Rxh7 Rxe4 44. Rh8+ Bg8 45. Ra8+
1-0

[Event "बाहुबली (एक योद्धा) BAHUBALI (a warrior)"]
[Site "SchemingMind.com"]
[Date "2015.11.22"]
[Round "-"]
[White "JimM"]
[Black "Greg Magne"]
[Result "1-0"]
[WhiteCountry "USA"]
[BlackCountry "CAN"]
[WhiteElo "1799"]
[WhiteRD "85"]
[BlackElo "1811"]
[BlackRD "72"]
[GameID "390749"]

1. e4 e5 2. Nf3 f5 3. Nxe5 Qf6 4. d4 fxe4 5. Nc3 Bb4 6. Bc4 Ne7 7. Bd2 Bxc3 8. Bxc3 d5 9. Bb5+ c6 10. Be2 O-O
11. O-O Nd7 12. Ng4 Qg6 13. f3 h5 14. Nf2 Nf6 15. Bb4 Re8 16. fxe4 Nxe4 17. Bxh5
1-0

[Event "बाहुबली (एक योद्धा) BAHUBALI (a warrior)"]
[Site "SchemingMind.com"]
[Date "2015.11.26"]
[Round "-"]
[White "Greg Magne"]
[Black "Helga1946"]
[Result "0-1"]
[WhiteCountry "CAN"]
[BlackCountry "GER"]
[WhiteElo "1811"]
[WhiteRD "72"]
[BlackElo "2250"]
[BlackRD "71"]
[GameID "390750"]

1. d4 Nf6 2. c4 e6 3. Nc3 Bb4 4. Qc2 O-O 5. a3 Bxc3+ 6. Qxc3 b6 7. Nf3 d6 8. g3 a5 9. Bg2 a4 10. Bg5 Bb7
11. O-O Nbd7 12. Qc2 Qb8 13. Rfe1 Be4 14. Qd2 Re8 15. Rac1 Qb7 16. Rc3 h6 17. Bf4 Rad8 18. Rec1 c5 19. Bxd6 cxd4 20. Qxd4 e5
21. Qd2 Nc5 22. Rd1 Qc6
0-1

[Event "बाहुबली (एक योद्धा) BAHUBALI (a warrior)"]
[Site "SchemingMind.com"]
[Date "2015.11.26"]
[Round "-"]
[White "Helga1946"]
[Black "Greg Magne"]
[Result "0-1"]
[WhiteCountry "GER"]
[BlackCountry "CAN"]
[WhiteElo "2250"]
[WhiteRD "71"]
[BlackElo "1811"]
[BlackRD "72"]
[GameID "390751"]

1. Nf3 d5 2. d4 Nf6 3. c4 c6 4. Nc3 e6 5. e3 Bd6 6. Bd3 dxc4 7. Bxc4 b5 8. Bd3 Bb7 9. e4 b4 10. e5 bxc3
11. bxc3 Bc7 12. exf6 gxf6 13. Rb1 Qc8 14. Ba3 Ba6 15. c4 Nd7 16. O-O Rb8 17. Qa4 Rb6 18. Qxa6 Rxa6
0-1

[Event "बाहुबली (एक योद्धा) BAHUBALI (a warrior)"]
[Site "SchemingMind.com"]
[Date "2015.11.22"]
[Round "-"]
[White "Greg Magne"]
[Black "Ramesh Panwar"]
[Result "0-1"]
[WhiteCountry "CAN"]
[BlackCountry "IND"]
[WhiteElo "1811"]
[WhiteRD "72"]
[BlackElo "2409"]
[BlackRD "63"]
[GameID "390752"]

1. e4 c5 2. Nf3 Nc6 3. d4 cxd4 4. Nxd4 e6 5. Nc3 Nf6 6. Be3 Bb4 7. Bd3 e5 8. Nf5 O-O 9. a3 Bxc3+ 10. bxc3 d5
11. Ng3 dxe4 12. Nxe4 Bf5 13. Qf3 Bxe4 14. Bxe4 Qa5 15. Bd2 Nxe4 16. Qxe4 Rad8 17. Rd1 Rd6 18. O-O Rfd8 19. Qe2 Qa6 20. c4 Nd4
21. Qd3 Qc6 22. Rfe1 Rg6 23. Qe4 Nf3+
0-1

[Event "बाहुबली (एक योद्धा) BAHUBALI (a warrior)"]
[Site "SchemingMind.com"]
[Date "2015.11.22"]
[Round "-"]
[White "Ramesh Panwar"]
[Black "Greg Magne"]
[Result "1-0"]
[WhiteCountry "IND"]
[BlackCountry "CAN"]
[WhiteElo "2409"]
[WhiteRD "63"]
[BlackElo "1811"]
[BlackRD "72"]
[GameID "390753"]

1. e4 e5 2. Nf3 Nc6 3. Bb5 a6 4. Ba4 Nf6 5. O-O Be7 6. Bxc6 dxc6 7. Re1 Bg4 8. h3 Bxf3 9. Qxf3 O-O 10. d3 Qd6
11. a3 Rad8 12. Nd2 b5 13. Nf1 c5 14. Ne3 g6 15. a4 Kg7 16. b3 Rfe8 17. Qg3 Kh8 18. Bb2 Bf8 19. Qh4 Bg7 20. f4 Nd7
21. f5 Nf8 22. g4 Qb6 23. axb5 axb5 24. Nd5 Qd6 25. f6
1-0

[Event "बाहुबली (एक योद्धा) BAHUBALI (a warrior)"]
[Site "SchemingMind.com"]
[Date "2015.11.25"]
[Round "-"]
[White "Greg Magne"]
[Black "fouche"]
[Result "1-0"]
[WhiteCountry "CAN"]
[BlackCountry "COL"]
[WhiteElo "1811"]
[WhiteRD "72"]
[BlackElo "1595"]
[BlackRD "71"]
[GameID "390927"]

1. e4 c6 2. d4 d5 3. Nc3 dxe4 4. Nxe4 Bf5 5. Ng3 Bg6 6. h4 h6 7. h5 Bh7 8. Nf3 Nf6 9. Bd3 Bxd3 10. Qxd3 Nbd7
11. O-O e6 12. c4 Bb4 13. a3 Ba5 14. b4 Bc7 15. Bb2 Qe7 16. Rfe1 O-O 17. Re2 Rad8 18. Qc2 Bxg3 19. fxg3 Nxh5 20. g4 Nf4
21. Re4 g5 22. Rae1 Nf6 23. Rxf4 gxf4 24. g5 hxg5 25. Nxg5 Kg7 26. d5 cxd5 27. Qh7#
1-0

[Event "बाहुबली (एक योद्धा) BAHUBALI (a warrior)"]
[Site "SchemingMind.com"]
[Date "2015.11.25"]
[Round "-"]
[White "fouche"]
[Black "Greg Magne"]
[Result "0-1"]
[WhiteCountry "COL"]
[BlackCountry "CAN"]
[WhiteElo "1595"]
[WhiteRD "71"]
[BlackElo "1811"]
[BlackRD "72"]
[GameID "390928"]

1. Nf3 d5 2. e3 c5 3. d4 e6 4. c3 Nc6 5. Bd3 Nf6 6. O-O Bd6 7. Re1 O-O 8. Nbd2 b6 9. e4 dxe4 10. Nxe4 Nxe4
11. Bxe4 Bb7 12. Bg5 Qc7 13. h3 h6 14. Bh4 g5 15. Nxg5 hxg5 16. Bxg5 f5 17. Bc2 Rae8 18. Qh5 Qh7 19. Qf3 Nxd4 20. Qd1 Nxc2
21. Qxc2 Qg6 22. h4 Bf4 23. Rad1 Bxg5 24. hxg5 Qxg5 25. g3 Qh5 26. Kf1 Bf3
0-1

[Event "बाहुबली (एक योद्धा) BAHUBALI (a warrior)"]
[Site "SchemingMind.com"]
[Date "2015.11.30"]
[Round "-"]
[White "fouche"]
[Black "smothered mate"]
[Result "0-1"]
[WhiteCountry "COL"]
[BlackCountry "POL"]
[WhiteElo "1608"]
[WhiteRD "64"]
[BlackElo "1939"]
[BlackRD "65"]
[GameID "390929"]

1. f4 b6 2. Nf3 Bb7 3. e3 e6 4. Be2 Nf6 5. O-O Be7 6. d3 c5 7. Nbd2 Nc6 8. e4 d6 9. h3 h6 10. c3 a6
11. Nb3 Qc7 12. Be3 Nh5 13. Rc1 Ng3 14. Rf2 f5 15. d4 Nxe4 16. Rf1 O-O-O 17. c4 g5 18. d5 exd5 19. cxd5 Nb4 20. a3 Nxd5
21. Bd2 gxf4 22. Bd3 Ne3 23. Bxe3 fxe3 24. Na1 f4 25. b4 Nf2 26. Rxf2 exf2+ 27. Kxf2 Kb8 28. a4 Bf6 29. Nc2 Qg7 30. bxc5 dxc5
31. Qe2 Rhe8 32. Qf1 Bxf3 33. Kg1 Bd4+ 34. Nxd4 Qxd4+ 35. Kh1 Bxg2+ 36. Kxg2 Rg8+ 37. Kh2 Qxd3 38. Qxf4+ Ka8 39. Qc7 Qd2+
0-1

[Event "बाहुबली (एक योद्धा) BAHUBALI (a warrior)"]
[Site "SchemingMind.com"]
[Date "2015.11.30"]
[Round "-"]
[White "smothered mate"]
[Black "fouche"]
[Result "1-0"]
[WhiteCountry "POL"]
[BlackCountry "COL"]
[WhiteElo "1959"]
[WhiteRD "71"]
[BlackElo "1595"]
[BlackRD "71"]
[GameID "390930"]

1. e4 e5 2. Nf3 Nf6 3. Nc3 Nc6 4. Nxe5 Nxe5 5. d4 Nc6 6. d5 Ne7 7. e5 Nfg8 8. d6 cxd6 9. exd6 Nf6 10. dxe7 Bxe7
11. Bc4 O-O 12. O-O b6 13. Qf3 d5 14. Nxd5 Rb8 15. Bf4 Rb7 16. Rad1 Rd7 17. Bc7 Rxc7 18. Nxf6+ Bxf6 19. Rxd8 Rxd8 20. Qb3 Bb7
21. c3 Rd2 22. Qa4 a5 23. Qe8#
1-0

[Event "बाहुबली (एक योद्धा) BAHUBALI (a warrior)"]
[Site "SchemingMind.com"]
[Date "2015.11.30"]
[Round "-"]
[White "fouche"]
[Black "emvarela"]
[Result "0-1"]
[WhiteCountry "COL"]
[BlackCountry "ARG"]
[WhiteElo "1585"]
[WhiteRD "66"]
[BlackElo "1709"]
[BlackRD "48"]
[GameID "390931"]

1. e4 e5 2. f4 d5 3. exd5 e4 4. Bb5+ Bd7 5. Bxd7+ Qxd7 6. d4 Qxd5 7. Be3 Nc6 8. Ne2 f5 9. O-O Nf6 10. Nd2 Ng4
11. Bf2 e3 12. Nf3 exf2+ 13. Kh1 Ne3 14. Qd2 Nxf1 15. Rxf1 O-O-O 16. Rxf2 h6 17. h3 Bd6 18. Ne5 Bxe5 19. fxe5 Nxd4 20. Nxd4 Qxd4
0-1

[Event "बाहुबली (एक योद्धा) BAHUBALI (a warrior)"]
[Site "SchemingMind.com"]
[Date "2015.11.30"]
[Round "-"]
[White "emvarela"]
[Black "fouche"]
[Result "1-0"]
[WhiteCountry "ARG"]
[BlackCountry "COL"]
[WhiteElo "1658"]
[WhiteRD "48"]
[BlackElo "1608"]
[BlackRD "65"]
[GameID "390932"]

1. e4 c5 2. Nf3 Nc6 3. d4 cxd4 4. Nxd4 Nf6 5. Nxc6 bxc6 6. Nc3 d6 7. Bd3 g6 8. Bd2 Bg7 9. O-O O-O 10. a3 Bb7
11. h3 Rc8 12. Qe2 Re8 13. b4 c5 14. bxc5 Rxc5 15. Na4 Rc8 16. Rab1 Ba8 17. f3 Nd7 18. Be3 Nc5 19. Nxc5 dxc5 20. Bb5 Rf8
21. Rfd1 Qa5 22. Bd2 Bc3 23. Bxc3 Qxc3 24. Rb3 Qf6 25. Rd7 a5 26. Ba6 Rc6 27. Bb7 Bxb7 28. Rbxb7 Re8 29. Qd3 Rd6 30. Rxd6 Qxd6
31. Qxd6 exd6 32. Ra7 Rd8 33. Rxa5 Kg7 34. c4 f5 35. Ra7+ Kh6 36. exf5 gxf5 37. a4 d5 38. cxd5 Rxd5 39. Rc7 Rd1+ 40. Kh2 Rc1
41. a5 c4 42. a6 c3 43. a7 Ra1 44. Rxc3 Rxa7 45. g4 fxg4 46. hxg4 Kg6 47. Kg3 Ra6 48. f4 h5 49. gxh5+ Kxh5 50. Rc5+ Kg6
51. Kg4 Rb6 52. Rg5+ Kf6 53. Rh5 Rb4 54. Rc5 Rb6 55. Rh5 Rb4 56. Rh6+ Kg7 57. Rc6 Kf7 58. Kg5 Rb5+ 59. f5 Rb7 60. Rf6+ Kg7
61. Rc6 Ra7 62. Rg6+ Kf7 63. Rh6 Kg7 64. f6+ Kg8 65. Kg6 Ra6 66. Rh5 Ra1 67. f7+ Kf8 68. Rh8+
1-0

[Event "बाहुबली (एक योद्धा) BAHUBALI (a warrior)"]
[Site "SchemingMind.com"]
[Date "2015.11.25"]
[Round "-"]
[White "fouche"]
[Black "Scooter"]
[Result "0-1"]
[WhiteCountry "COL"]
[BlackCountry "USA"]
[WhiteElo "1585"]
[WhiteRD "66"]
[BlackElo "1696"]
[BlackRD "46"]
[GameID "390933"]

1. f4 c6 2. Nf3 Nf6 3. e3 g6 4. Be2 Bg7 5. O-O O-O 6. Nc3 d5 7. h3 Nbd7 8. d3 Re8 9. d4 Ne4 10. Ne5 Nxc3
11. bxc3 Nxe5 12. fxe5 e6 13. c4 b6 14. cxd5 cxd5 15. c4 Ba6 16. cxd5 Bxe2 17. Qxe2 Qxd5 18. Bb2 Rac8 19. e4 Qc4 20. Qf3 Qc7
21. Rac1 Qb7 22. Rxc8 Rxc8 23. Rb1 Bf8 24. Rc1 Rxc1+ 25. Bxc1 b5 26. Bg5 a5 27. Bf6 b4 28. h4 a4 29. h5 b3 30. axb3 Qxb3
31. Qg4 a3 32. hxg6 hxg6 33. Qh4 Qd1+ 34. Kh2 Qh5 35. Qxh5 gxh5 36. d5 a2 37. d6 Bg7 38. d7 Bxf6 39. exf6 a1=Q 40. d8=Q+ Kh7
41. Qe7 Kg6 42. Qd8 Qxf6 43. Qg8+ Qg7 44. Qd8 Qe5+ 45. Kh1 Qxe4 46. Qg8+ Kf6 47. Qh8+ Kg5 48. Qg7+ Qg6 49. Qe5+ f5 50. Qe3+ f4
51. Qe5+ Qf5 52. Qg7+ Kh4 53. Qe7+ Kg3 54. Qg7+ Qg4 55. Qc3+ f3 56. Qe5+ Kh4 57. Qe1+ Kg5 58. Qe5+ Kg6 59. gxf3 Qxf3+ 60. Kh2 Qf2+
61. Kh1 Qh4+
0-1

[Event "बाहुबली (एक योद्धा) BAHUBALI (a warrior)"]
[Site "SchemingMind.com"]
[Date "2015.11.25"]
[Round "-"]
[White "Scooter"]
[Black "fouche"]
[Result "0-1"]
[WhiteCountry "USA"]
[BlackCountry "COL"]
[WhiteElo "1696"]
[WhiteRD "46"]
[BlackElo "1585"]
[BlackRD "66"]
[GameID "390934"]

1. d4 d5 2. Nf3 Nf6 3. Bf4 e6 4. e3 Bd6 5. Bxd6 cxd6 6. Bb5+ Nbd7 7. O-O O-O 8. Nbd2 a6 9. Bxd7 Bxd7 10. c4 dxc4
11. Nxc4 d5 12. Nce5 Rc8 13. Rc1 Rxc1 14. Qxc1 Qc8 15. b3 Qxc1 16. Rxc1 Rc8 17. Rxc8+ Bxc8 18. Kf1 Kf8 19. Ke2 Nd7 20. Kd3 f6
21. Nxd7+ Bxd7 22. b4 Bb5+ 23. Kc3 Ke7 24. Nd2 Kd6 25. Kb3 e5 26. dxe5+ fxe5 27. a4 Bd3 28. Kc3 Be2 29. Nb1 Bf1 30. g3 g5
31. Nd2 Be2 32. Nb3 Bd1 33. a5 Bxb3 34. Kxb3 h5 35. Kc3 g4 36. Kd3 Kc6 37. Kc3 Kb5 38. Kb3 b6 39. axb6 Kxb6 40. Ka4 d4
41. exd4 exd4 42. Ka3 Kb5 43. Kb3 d3 44. Kc3 d2 45. Kxd2 Kxb4 46. f4 gxf3 47. h4 a5 48. g4 a4 49. g5 a3 50. g6 a2
51. g7 a1=Q 52. g8=Q Qd4+ 53. Kc2 Qc4+
0-1

[Event "बाहुबली (एक योद्धा) BAHUBALI (a warrior)"]
[Site "SchemingMind.com"]
[Date "2015.11.25"]
[Round "-"]
[White "fouche"]
[Black "kenneth m day"]
[Result "0-1"]
[WhiteCountry "COL"]
[BlackCountry "USA"]
[WhiteElo "1585"]
[WhiteRD "66"]
[BlackElo "1698"]
[BlackRD "51"]
[GameID "390935"]

1. d4 d5 2. c4 Nc6 3. Nc3 Nf6 4. Nf3 Bg4 5. e3 dxc4 6. Bxc4 e6 7. O-O Bd6 8. h4 O-O 9. Re1 Re8 10. a3 Nh5
11. e4 e5 12. Bxf7+ Kxf7 13. Ng5+ Qxg5 14. Bxg5 Bxd1 15. Raxd1 exd4 16. Nd5 h6 17. Bc1 Re6 18. f3 Rae8 19. b4 Nf6 20. Bb2 Nxd5
21. Kf1 Nf4 22. Bxd4 Nxd4 23. Kf2 Nc6 24. g3 Ng6 25. Rd5 Nce5 26. h5 Ne7 27. Rdd1 Rd8 28. f4 Rf6 29. Kg2 Nc4 30. e5 Re6
31. exd6 Rdxd6 32. a4 Rxd1 33. Rxd1 Ne3+
0-1

[Event "बाहुबली (एक योद्धा) BAHUBALI (a warrior)"]
[Site "SchemingMind.com"]
[Date "2015.11.26"]
[Round "-"]
[White "kenneth m day"]
[Black "fouche"]
[Result "1-0"]
[WhiteCountry "USA"]
[BlackCountry "COL"]
[WhiteElo "1713"]
[WhiteRD "53"]
[BlackElo "1595"]
[BlackRD "71"]
[GameID "390936"]

1. e4 e5 2. f4 Nc6 3. Nf3 exf4 4. d4 d5 5. e5 Bb4+ 6. c3 Ba5 7. Bxf4 Be6 8. Bb5 Ne7 9. O-O O-O 10. Qd3 a6
11. Ba4 b5 12. Bc2 Ng6 13. Bg5 Nce7 14. Nh4 h6 15. Nxg6 fxg6 16. Nd2 Qd7 17. Bxe7 Qxe7 18. Qxg6 Rxf1+ 19. Rxf1 c6 20. Qh7#
1-0

[Event "बाहुबली (एक योद्धा) BAHUBALI (a warrior)"]
[Site "SchemingMind.com"]
[Date "2015.11.26"]
[Round "-"]
[White "fouche"]
[Black "JimM"]
[Result "0-1"]
[WhiteCountry "COL"]
[BlackCountry "USA"]
[WhiteElo "1585"]
[WhiteRD "66"]
[BlackElo "1799"]
[BlackRD "82"]
[GameID "390937"]

1. e4 c5 2. Nf3 d6 3. c3 Nf6 4. Bd3 Nc6 5. Bc2 g6 6. d4 cxd4 7. cxd4 Bg7 8. O-O O-O 9. Re1 Nb4 10. Nc3 Nxc2
11. Qxc2 Qb6 12. h3 Nd7 13. Be3 Qc6 14. Rac1 Qc7 15. Nd5 Qd8 16. Qb3 b6 17. Rc7 e6 18. Rec1 exd5 19. Qxd5 Ba6 20. Bg5 Nf6
21. Bxf6 Bxf6 22. e5 dxe5 23. Rd7 Qe8 24. Rcc7 exd4 25. Nxd4 Qe1+ 26. Kh2 Be5+ 27. g3 Qxf2+ 28. Qg2 Bxd4 29. Qxf2 Bxf2 30. Kg2 Bc5
31. a3 Bb5
0-1

[Event "बाहुबली (एक योद्धा) BAHUBALI (a warrior)"]
[Site "SchemingMind.com"]
[Date "2015.11.26"]
[Round "-"]
[White "JimM"]
[Black "fouche"]
[Result "0-1"]
[WhiteCountry "USA"]
[BlackCountry "COL"]
[WhiteElo "1742"]
[WhiteRD "83"]
[BlackElo "1608"]
[BlackRD "64"]
[GameID "390938"]

1. d4 e6 2. e4 d5 3. Nd2 c5 4. Ngf3 dxe4 5. Nxe4 cxd4 6. c3 dxc3 7. Bb5+ Bd7 8. Bxd7+ Nxd7 9. Nd6+ Bxd6 10. Qxd6 Ne7
11. Ne5 Nxe5 12. Qxe5 c2 13. O-O O-O 14. b3 Nc6 15. Qc3 Rc8 16. Bb2 f6 17. Qxc2 Qb6 18. Qc4 Ne5 19. Qe2 Nf7 20. Rfe1 e5
21. h3 Rc6 22. Kh1 Rfc8 23. Rab1 Rc2 24. Qf3 Rxf2 25. Qg3 Rcc2 26. Rg1 Rxb2 27. Rbc1 h6 28. Rc8+ Kh7 29. Qd3+ f5 30. Qd7 Ng5
31. Qe8 Qd6 32. Qh8+ Kg6 33. Qe8+ Nf7 34. Rb8 Qc6 35. Qe7 Rxg2 36. Qh4 Rg4+
0-1

[Event "बाहुबली (एक योद्धा) BAHUBALI (a warrior)"]
[Site "SchemingMind.com"]
[Date "2015.11.30"]
[Round "-"]
[White "fouche"]
[Black "Helga1946"]
[Result "0-1"]
[WhiteCountry "COL"]
[BlackCountry "GER"]
[WhiteElo "1585"]
[WhiteRD "66"]
[BlackElo "2295"]
[BlackRD "70"]
[GameID "390939"]

1. c4 e5 2. Nc3 Nf6 3. d3 Bb4 4. Nf3 e4 5. dxe4 Nxe4 6. Bd2 Bxc3 7. Bxc3 Qe7 8. e3 d6 9. Qc2 b6 10. Bd3 Bb7
11. O-O Nd7 12. b4 Nxc3 13. Qxc3 O-O 14. Nd4 a5 15. Nb5 Qg5 16. e4 axb4 17. Qxb4 Nc5 18. Bc2 Nxe4 19. Bxe4 Bxe4 20. f3 Bd3
21. Rf2 Rfc8 22. Qc3 Bg6 23. a4 Qc5 24. a5 Rxa5 25. Rxa5 bxa5 26. g3 a4 27. Kg2 f6 28. Re2 Rb8 29. Nd4 Rb1 30. Kh3 a3
31. Ra2 Rg1 32. Ne6 Qh5#
0-1

[Event "बाहुबली (एक योद्धा) BAHUBALI (a warrior)"]
[Site "SchemingMind.com"]
[Date "2015.11.30"]
[Round "-"]
[White "Helga1946"]
[Black "fouche"]
[Result "1-0"]
[WhiteCountry "GER"]
[BlackCountry "COL"]
[WhiteElo "2295"]
[WhiteRD "70"]
[BlackElo "1585"]
[BlackRD "66"]
[GameID "390940"]

1. Nf3 Nf6 2. d4 e6 3. c4 Bb4+ 4. Nbd2 c5 5. a3 Ba5 6. dxc5 Bxd2+ 7. Qxd2 Nc6 8. g3 O-O 9. Bg2 a5 10. b3 Ne7
11. Bb2 Ne4 12. Qd4 Nf6 13. Qd3 Nc6 14. Ng5 g6 15. Bxc6 bxc6 16. Qc3 Kg7 17. Qe5 h6 18. Ne4 a4 19. Nxf6 d5 20. Ne8+
1-0

[Event "बाहुबली (एक योद्धा) BAHUBALI (a warrior)"]
[Site "SchemingMind.com"]
[Date "2015.11.25"]
[Round "-"]
[White "fouche"]
[Black "Ramesh Panwar"]
[Result "0-1"]
[WhiteCountry "COL"]
[BlackCountry "IND"]
[WhiteElo "1595"]
[WhiteRD "71"]
[BlackElo "2409"]
[BlackRD "63"]
[GameID "390941"]

1. c4 e5 2. Nc3 Nf6 3. Nf3 Nc6 4. d3 Bb4 5. g3 O-O 6. Bg2 e4 7. dxe4 Nxe4 8. Bd2 Bxc3 9. Bxc3 Nxc3 10. bxc3 Re8
11. O-O d6 12. Nd4 Ne5 13. Qb3 Rb8 14. Rfe1 Qe7 15. Nf5 Bxf5 16. e4 Bg4 17. h3 Be6 18. Bf1 Nf3+ 19. Kg2 Nxe1+ 20. Rxe1 b5
0-1